[Event "1. liga V 18/19, RnK-Orlova"]
[Site ""]
[Date "2019.04.07"]
[Round "11.8"]
[White "Novak, Jiri"]
[Black "Martyniuk, Vladislav"]
[Result "1-0"]
[WhiteElo "1969"]
[BlackElo "1774"]
[PlyCount "0"]
[WhiteTeam "SK Slavia Orlova"]
[BlackTeam "Panda Rychnov n. K."]
[EventDate "2018.10.21"]

1. e4 e6 2. d4 d5 3. Nd2 b6 4. e5 c5 5. c3 Nc6 6. Ngf3 Nge7 7. Bd3 Ng6 8. O-O
Be7 9. Re1 O-O 10. Nf1 Bb7 11. a3 Rc8 12. Be3 Qd7 13. Bb5 a6 14. Ba4 b5 15. Bc2
cxd4 16. cxd4 Na5 17. N1d2 Rc7 18. b4 Nc4 19. Nb3 Ra8 20. Nc5 Qd8 21. Nd2 Bc6
22. Qg4 Bxc5 23. bxc5 Qh4 24. Qe2 Rb7 25. g3 Qe7 26. Qg4 Be8 27. Bg5 Qf8 28. h4
Bd7 29. Nf3 Kh8 30. h5 Ne7 31. h6 g6 32. Bf6+ Kg8 33. Nh4 Nf5 34. Qg5 Nxh4 35.
Qxh4 Bc6 36. Qg5 b4 37. axb4 Bb5 38. f4 Nd2 39. Kf2 Qe8 40. Rad1 Nc4 41. f5 1-0

[Event "1. liga V 18/19, BSS-Trinec"]
[Site ""]
[Date "2019.04.07"]
[Round "11.1"]
[White "Jasny, Stanislav"]
[Black "Michalik, Peter"]
[Result "0-1"]
[WhiteElo "2353"]
[BlackElo "2565"]
[PlyCount "0"]
[WhiteTeam "BSS Frydek-Mistek "B""]
[BlackTeam "TZ Trinec"]
[EventDate "2018.10.21"]

1. e4 e5 2. Nf3 Nc6 3. Bb5 a6
4. Ba4 Nf6 5. O-O Be7 6. Re1 b5 7. Bb3 d6 8. c3 O-O 9. h3 Nb8 10. d4 Nbd7 11.
Nbd2 Bb7 12. Bc2 Re8 13. Nf1 Bf8 14. Ng3 g6 15. a4 c5 16. d5 c4 17. Bg5 Nc5 18.
Qd2 Be7 19. Bh6 Nfd7 20. Nh2 Nxa4 21. Bxa4 bxa4 22. Be3 Rc8 23. Rxa4 a5 24. Nf3
Ba6 25. Rea1 Nc5 26. Bxc5 Rxc5 27. Nf1 Qc7 28. Ne3 Ra8 29. R1a2 Bb5 30. R4a3
Bd7 31. Qe2 a4 32. Ne1 f5 33. exf5 gxf5 34. Qh5 Qc8 35. Nf3 Qe8 36. Qxe8+ Rxe8
37. Nd2 Rb8 38. Nexc4 Rxd5 39. Nf3 Rd1+ 40. Kh2 Rf1 41. Ne3 Rxf2 42. b4 Rxa2
43. Rxa2 Kf7 44. Ra3 Ke6 45. Nc4 d5 46. Nb2 Ra8 47. Ne1 e4 48. Nc2 Bf6 49. Kg3
Be5+ 50. Kf2 f4 51. Nd4+ Kd6 52. Nd1 Bxd4+ 53. cxd4 Rb8 0-1

[Event "1. liga V 18/19, BSS-Trinec"]
[Site ""]
[Date "2019.04.07"]
[Round "11.2"]
[White "Langner, Ladislav"]
[Black "Vesselovsky, Serguei"]
[Result "1/2-1/2"]
[WhiteElo "2382"]
[BlackElo "2341"]
[PlyCount "0"]
[WhiteTeam "TZ Trinec"]
[BlackTeam "BSS Frydek-Mistek "B""]
[EventDate "2018.10.21"]

1. e4 c5 2. c3 d5 3. exd5 Qxd5 4. d4 Nf6 5. dxc5 Qxc5
6. Nf3 Nbd7 7. Na3 a6 8. Qa4 e5 9. Be3 Qc7 10. Nb5 Qb8 11. Ng5 h6 12. Qc4 hxg5
13. Nc7+ Ke7 14. O-O-O b5 15. Qb4+ Kd8 16. Qa5 Qxc7 17. Bb6 Qxb6 18. Qxb6+ Ke8
19. Qc6 Rb8 20. Bxb5 Bb7 21. Qc7 axb5 22. Rhe1 e4 23. f3 Be7 24. fxe4 Bd8 25.
Qg3 Rc8 26. Qxg5 Nc5 27. Rxd8+ Kxd8 28. Rd1+ Ke7 29. e5 Ne6 30. exf6+ gxf6 31.
Qxb5 Bxg2 32. Qb4+ Ke8 33. h4 Bc6 34. a4 f5 35. a5 Be4 36. a6 Rxh4 37. Qd6 Rd8
38. Qe5 Rxd1+ 39. Kxd1 Rh1+ 40. Kd2 Rb1 41. b4 Rb2+ 42. Kc1 Rb1+ 43. Kd2 Rb2+
44. Kc1 Rb1+ 1/2-1/2

[Event "1. liga V 18/19, BSS-Trinec"]
[Site ""]
[Date "2019.04.07"]
[Round "11.3"]
[White "Stepan, Patrik"]
[Black "Walek, Milan"]
[Result "0-1"]
[WhiteElo "2228"]
[BlackElo "2293"]
[PlyCount "0"]
[WhiteTeam "BSS Frydek-Mistek "B""]
[BlackTeam "TZ Trinec"]
[EventDate "2018.10.21"]

1. d4 Nf6 2. c4 g6 3. Nc3 d5
4. cxd5 Nxd5 5. e4 Nxc3 6. bxc3 Bg7 7. Be3 b6 8. Nf3 Bb7 9. Bd3 c5 10. Rc1 Nd7
11. O-O O-O 12. Qd2 c4 13. Bc2 Nf6 14. e5 Ne4 15. Qe1 f5 16. Bf4 h6 17. h4 e6
18. Qe3 Kh7 19. Rfd1 Qd5 20. Ne1 g5 21. hxg5 Nxg5 22. Bxg5 hxg5 23. Qxg5 Bh6
24. Qe7+ Kg8 25. Rb1 Rf7 26. Qh4 Rh7 27. f4 Kh8 28. Rd2 Rg8 29. Bd1 Bg5 30.
Qxg5 Rxg5 31. fxg5 Qe4 32. Bc2 Qe3+ 0-1

[Event "1. liga V 18/19, BSS-Trinec"]
[Site ""]
[Date "2019.04.07"]
[Round "11.4"]
[White "Sikorova, Olga"]
[Black "Kozel, Jiri"]
[Result "1/2-1/2"]
[WhiteElo "2241"]
[BlackElo "2118"]
[PlyCount "0"]
[WhiteTeam "TZ Trinec"]
[BlackTeam "BSS Frydek-Mistek "B""]
[EventDate "2018.10.21"]

1. c4 Nf6 2. g3 e6 3. Bg2 d5 4. Nf3 c6 5. b3 a5 6. O-O
a4 7. cxd5 exd5 8. d3 g6 9. Bb2 Bg7 10. bxa4 O-O 11. Qc2 Re8 12. h3 Nbd7 13.
Bc3 Nc5 14. a5 Ne6 15. e3 Nd7 16. d4 Nc7 17. a4 Nf6 18. Nbd2 Bf5 19. Qb2 Qc8
20. Kh2 Ne4 21. Nxe4 Bxe4 22. Ra3 Bf8 23. Rb3 Ra7 24. Qe2 Ne6 25. Rc1 Bd6 26.
Ne5 Bxe5 27. dxe5 Nc5 28. Ra3 Nd3 29. Rd1 Bxg2 30. Kxg2 Nxe5 31. Rb3 f6 32. Rd4
Kf7 1/2-1/2

[Event "1. liga V 18/19, BSS-Trinec"]
[Site ""]
[Date "2019.04.07"]
[Round "11.5"]
[White "Weissmann, Lukas"]
[Black "Frolik, Martin"]
[Result "1/2-1/2"]
[WhiteElo "2136"]
[BlackElo "2185"]
[PlyCount "0"]
[WhiteTeam "BSS Frydek-Mistek "B""]
[BlackTeam "TZ Trinec"]
[EventDate "2018.10.21"]

1. e4 c5 2. Nf3 e6 3. b3 d6 4.
Bb2 Nc6 5. Bb5 Bd7 6. O-O a6 7. Bxc6 Bxc6 8. Re1 e5 9. c3 Ne7 10. d4 Ng6 11.
Nbd2 Be7 12. dxe5 dxe5 13. Nc4 1/2-1/2

[Event "1. liga V 18/19, BSS-Trinec"]
[Site ""]
[Date "2019.04.07"]
[Round "11.6"]
[White "Sikora, Jan"]
[Black "Mica, Marek"]
[Result "1/2-1/2"]
[WhiteElo "2168"]
[BlackElo "2240"]
[PlyCount "0"]
[WhiteTeam "TZ Trinec"]
[BlackTeam "BSS Frydek-Mistek "B""]
[EventDate "2018.10.21"]

1. e4 e6 2. d4 d5 3. Nc3 Bb4 4. exd5 exd5 5. Bd3 Ne7
6. Nge2 Nbc6 7. Bg5 f6 8. Bf4 Bf5 9. Bxf5 Nxf5 10. Qd3 Bxc3+ 11. Qxc3 O-O 12.
O-O-O Re8 13. Rhe1 Re4 14. f3 Re7 15. g4 Nh4 16. Ng3 Rxe1 17. Qxe1 Nxf3 18. Qe3
Nh4 19. g5 Ng6 20. gxf6 Qxf6 21. Bxc7 Qf7 22. Bd6 Re8 23. Qd2 Qf6 24. Bc7 Re7
25. Rf1 Qxd4 26. Qxd4 Nxd4 27. Bb8 Nc6 28. Bd6 Re6 29. Bc7 Nb4 30. c3 Rc6 31.
Bb8 d4 32. Kb1 dxc3 33. bxc3 Nd5 34. Bxa7 Nxc3+ 35. Kb2 Nxa2 36. Bd4 Nb4 37.
Nf5 Nd3+ 38. Ka3 Rc7 39. Bxg7 Rxg7 40. Nxg7 Kxg7 41. Rb1 h5 42. Rxb7+ Kh6 43.
h4 Nde5 44. Rb5 Kg7 45. Rb7+ Kh6 46. Rb5 Nf3 47. Rxh5+ Kxh5 48. Kb4 Nfe5 49.
Kc5 Nf7 50. Kd5 Nf4+ 51. Ke4 Ne6 52. Kf5 Ng7+ 53. Kf4 Nh6 54. Ke5 Kg6 55. h5+
Kg5 56. Ke4 Kf6 57. Kf4 Ne6+ 58. Ke4 Ng5+ 59. Kd5 Ngf7 60. Kd4 Ke6 61. Ke4 Kd6
62. Kd4 Ng5 63. Ke3 Kd5 64. Kf4 Ne6+ 65. Ke3 Ke5 66. Kd3 Kf4 67. Kc3 Ke3 68.
Kc4 Ke4 69. Kc3 Nc5 70. Kc4 Nd7 71. Kc3 Ne5 72. Kc2 Kd4 73. Kd2 Nf3+ 74. Ke2
Ke4 75. Kd1 Kd3 76. Kc1 Kc3 77. Kd1 Kd3 78. Kc1 Nd4 79. Kb2 Kc4 80. Ka3 Kb5 81.
Ka2 Ka4 82. Kb2 Kb4 83. Kc1 Kc3 84. Kd1 Kd3 85. Kc1 Ne6 86. Kb2 Nc5 87. Kb1 Na4
88. Kc1 Nc5 89. Kb1 Kc3 90. Kc1 Nb3+ 91. Kd1 Kd3 92. Ke1 Nd4 93. Kf1 Nb5 94.
Kf2 Nc3 95. Kf3 Nd5 96. Kf2 Nf4 97. Kf3 Ne6 98. Kf2 Ng5 99. Ke1 Ne4 100. Kd1
Nc3+ 101. Kc1 Ne2+ 102. Kb2 Nd4 103. Ka3 Nhf5 104. Kb4 Ke4 105. Kc4 Ne6 106.
Kc3 Neg7 1/2-1/2

[Event "1. liga V 18/19, BSS-Trinec"]
[Site ""]
[Date "2019.04.07"]
[Round "11.7"]
[White "Gnojek, Petr"]
[Black "Fargac, Martin"]
[Result "0-1"]
[WhiteElo "2147"]
[BlackElo "2255"]
[PlyCount "0"]
[WhiteTeam "BSS Frydek-Mistek "B""]
[BlackTeam "TZ Trinec"]
[EventDate "2018.10.21"]

1. d4 c6 2. Nf3 Nf6 3. c4 d5
4. Nc3 e6 5. Bg5 h6 6. Bh4 dxc4 7. e4 g5 8. Bg3 b5 9. e5 Nd5 10. Nd2 Bb7 11.
Be2 Nd7 12. Bh5 Nxc3 13. Qf3 Qe7 14. bxc3 O-O-O 15. Qxf7 c5 16. O-O cxd4 17.
cxd4 Nb6 18. Qxe7 Bxe7 19. Bf7 Bd5 20. f4 Rhf8 21. Bg6 c3 22. Rac1 b4 23. f5
exf5 24. Bxf5+ Rxf5 25. Rxf5 Bxa2 26. Bf2 Be6 27. g4 a5 28. Ne4 Nd5 29. Be1 Kb7
30. Rf2 Nf4 31. Ra1 Rxd4 32. Nxc3 Nh3+ 33. Kf1 Rxg4 34. Ke2 Nxf2 0-1

[Event "1. liga V 18/19, BSS-Trinec"]
[Site ""]
[Date "2019.04.07"]
[Round "11.8"]
[White "Pilch, Roman"]
[Black "Laurincova, Kristyna"]
[Result "1-0"]
[WhiteElo "2161"]
[BlackElo "2108"]
[PlyCount "0"]
[WhiteTeam "TZ Trinec"]
[BlackTeam "BSS Frydek-Mistek "B""]
[EventDate "2018.10.21"]

1. Nf3 c5 2. c4 g6 3. Nc3 Bg7 4. g3 Nc6 5. Bg2 f5 6.
O-O e5 7. d3 Nge7 8. Bd2 O-O 9. a3 d6 10. Rb1 h6 11. b4 g5 12. Ne1 Ng6 13. Qa4
cxb4 14. axb4 Nd4 15. e3 Ne6 16. Nd5 f4 17. Be4 Ne7 18. Qa5 Nxd5 19. Qxd8 Nxd8
20. Bxd5+ Be6 21. e4 Kh7 22. f3 Bh3 23. Rf2 Bf6 24. b5 h5 25. Bb4 Be7 26. Ng2
Rf6 27. Ra1 a6 28. Bc3 Rg6 29. bxa6 Rxa6 30. Rxa6 bxa6 31. Ra2 g4 32. fxg4 Rxg4
33. Be1 Bg5 34. Bf2 h4 35. Rxa6 fxg3 36. hxg3 hxg3 37. Be1 Be7 38. Ne3 Rg7 39.
Nf5 Bxf5 40. exf5 Nf7 41. Bxf7 Rxf7 42. Ra7 Rg7 43. Kg2 Kh6 44. Bb4 Bf8 45.
Bd2+ Kh5 46. Rxg7 Bxg7 47. Kxg3 Bf6 48. Kf3 Be7 49. Ke4 Kg4 50. Bh6 Kh5 51. Bd2
Kg4 52. Bc1 Bf6 53. Ba3 Be7 54. Bc1 Bf6 55. Bd2 Be7 56. Ba5 Kg5 57. Bc7 Kf6 58.
Kd5 Kxf5 59. Bxd6 Bf6 60. c5 Kf4 61. c6 Bd8 62. Bxe5+ Ke3 63. d4 1-0